Despedida : poema en tiempos del virus /
Bewaard in:
| Hoofdauteur: | |
|---|---|
| Andere auteurs: | |
| Formaat: | Elektronisch E-boek |
| Taal: | Spaans Nederlands |
| Gepubliceerd in: |
Madrid :
Visor Libros,
[2020]
|
| Reeks: | Colección Visor de poesía ;
v. 1109. |
| Onderwerpen: | |
| Online toegang: | Digitalia Hispánica |
| Tags: |
Voeg label toe
Geen labels, Wees de eerste die dit record labelt!
|
MARC
| LEADER | 00000nam a2200000 i 4500 | ||
|---|---|---|---|
| 001 | DIGVISR0825 | ||
| 003 | NyNyDIG | ||
| 007 | cr ||||||||||| | ||
| 008 | 221207s2020 sp o 000 p spa d | ||
| 006 | m o d | ||
| 035 | |a (OCoLC)1356296921 | ||
| 040 | |a DGITA |b eng |e rda |e pn |c DGITA | ||
| 020 | |z 9788498954098 | ||
| 041 | 1 | |a spa |a dut |h dut | |
| 050 | 1 | 4 | |a PT5881.24.O55 ebook |
| 100 | 1 | |a Nooteboom, Cees, |d 1933- |e author. | |
| 245 | 1 | 0 | |a Despedida : |b poema en tiempos del virus / |c Cees Nooteboom ; traducción de Isabel-Clara Lorda Vidal. |
| 264 | 1 | |a Madrid : |b Visor Libros, |c [2020] | |
| 300 | |a 1 online resource. | ||
| 336 | |a text |b txt |2 rdacontent | ||
| 337 | |a computer |b c |2 rdamedia | ||
| 338 | |a online resource |b cr |2 rdacarrier | ||
| 347 | |a text file |2 rdaft | ||
| 347 | |b PDF | ||
| 490 | 1 | |a Volumen MCIX de la Colección Visor de poesía | |
| 546 | |a Text in Spanish and Dutch. | ||
| 588 | 0 | |a Online resource; title from PDF title page (Digitalia, viewed December 7, 2022) | |
| 655 | 7 | |a Poetry. |2 lcgft | |
| 700 | 1 | |a Lorda Vidal, Isabel-Clara, |e translator. | |
| 700 | 1 | |i Translation of: |a Nooteboom, Cees, |d 1933- |t Afscheid. | |
| 700 | 1 | 2 | |i Container of (work): |a Nooteboom, Cees, |d 1933- |t Afscheid. |
| 700 | 1 | 2 | |i Container of (expression): |a Nooteboom, Cees, |d 1933- |t Afscheid. |l Spanish |s (Lorda Vidal) |
| 791 | 2 | |a Digitalia (Firm), |e distributor. | |
| 793 | 0 | |g Digitalia eBook Collection: |a Visor Libros | |
| 776 | 0 | 8 | |i Print version: |a Nooteboom, Cees, 1933- |t Despedida. |d Madrid : Visor Libros, [2020] |z 9788498954098 |
| 830 | 0 | |a Colección Visor de poesía ; |v v. 1109. | |
| 856 | 4 | 0 | |3 Digitalia Hispánica |u https://digitalia.unach.elogim.com/a/102102/ |
| 910 | |a Premium collection: 2022 | ||